Информационная система оценки предпринимательского климата муниципального образования; Современные технологии поддержки принятия решений в экономике

Bibliographische Detailangaben
Parent link:Современные технологии поддержки принятия решений в экономике.— 2014.— [С. 183-185]
1. Verfasser: Эйстрах Т. В.
Körperschaft: Национальный исследовательский Томский политехнический университет (ТПУ) Юргинский технологический институт (филиал) (ЮТИ) Кафедра информационных систем (ИС)
Weitere Verfasser: Захарова А. А. Александра Александровна (научный руководитель)
Zusammenfassung:Заглавие с титульного экрана
Sprache:Russisch
Veröffentlicht: 2014
Schriftenreihe:Информационные технологии интеллектуальной поддержки принятия решений в экономике
Schlagworte:
Online-Zugang:http://earchive.tpu.ru/handle/11683/69513
http://www.lib.tpu.ru/fulltext/c/2014/C79/077.pdf
Format: Elektronisch Buchkapitel
KOHA link:https://koha.lib.tpu.ru/cgi-bin/koha/opac-detail.pl?biblionumber=608070

MARC

LEADER 00000naa2a2200000 4500
001 608070
005 20260317131143.0
035 |a (RuTPU)RU\TPU\conf\5500 
035 |a RU\TPU\conf\5499 
090 |a 608070 
100 |a 20140914d2014 k y0rusy50 ca 
101 0 |a rus 
102 |a RU 
135 |a drcn ---uucaa 
181 0 |a i  
182 0 |a b 
200 1 |a Информационная система оценки предпринимательского климата муниципального образования  |f Т. В. Эйстрах  |g науч. рук. А. А. Захарова 
203 |a Текст  |c электронный 
225 1 |a Информационные технологии интеллектуальной поддержки принятия решений в экономике 
300 |a Заглавие с титульного экрана 
320 |a [Библиогр.: с. 185 (3 назв.)] 
337 |a Adobe Reader 
463 0 |0 (RuTPU)RU\TPU\conf\5406  |t Современные технологии поддержки принятия решений в экономике  |o сборник трудов Всероссийской научно-практической конференции студентов, аспирантов и молодых ученых, 28-20 апреля 2014 г., г. Юрга  |f Национальный исследовательский Томский политехнический университет (ТПУ), Юргинский технологический институт (ЮТИ) ; отв. ред. А. А. Захарова  |v [С. 183-185]  |d 2014 
610 1 |a труды учёных ТПУ 
610 1 |a электронный ресурс 
610 1 |a информационные системы 
610 1 |a предпринимательский климат 
610 1 |a муниципальное образование 
700 1 |a Эйстрах  |b Т. В. 
702 1 |a Захарова  |b А. А.  |c специалист в области информатики и вычислительной техники  |c доцент Юргинского технологического института (филиал) Томского политехнического университета, кандидат технических наук  |f 1976-  |g Александра Александровна  |4 727 
712 0 2 |a Национальный исследовательский Томский политехнический университет (ТПУ)  |b Юргинский технологический институт (филиал) (ЮТИ)  |b Кафедра информационных систем (ИС)  |3 (RuTPU)RU\TPU\col\18893 
801 2 |a RU  |b 63413507  |c 20220214  |g RCR 
856 4 |u http://earchive.tpu.ru/handle/11683/69513 
856 4 |u http://www.lib.tpu.ru/fulltext/c/2014/C79/077.pdf 
942 |c BK